[Event "RUS-ch"]
[Site "Krasnodar"]
[Date "2002.09.02"]
[Round "7"]
[White "Dashko, Andrey"]
[Black "Diu, Viacheslav"]
[Result "0-1"]
[WhiteElo "2401"]
[BlackElo "2451"]
[Annotator "Psakhis,L"]
[PlyCount "72"]
[EventDate "2002.08.27"]
[EventType "swiss"]
[EventRounds "9"]
[EventCountry "RUS"]
[SourceTitle "CBM 091"]
[Source "ChessBase"]
[SourceDate "2002.11.12"]
[SourceVersion "1"]
[SourceVersionDate "2002.11.12"]
[SourceQuality "1"]

1. e4 e6 2. d4 d5 3. Nd2 c5 4. exd5 exd5 5. Bb5+ Bd7 6. Qe2+ Be7 7. dxc5 Nf6 8.
Nb3 O-O 9. Be3 Re8 10. O-O-O a6 (10... a5 $5 11. a4 Na6 12. Bxd7 Qxd7 13. Qb5
Qxb5 14. axb5 Nc7 15. c6 bxc6 16. bxc6 a4 $132 {1/2-1/2 Holmsten,A-Psakhis,L/
Linares op 2001/ (21)}) 11. Bd3 $6 {Dashko just looks for troubles} (11. Bxd7
$5 Nbxd7 12. Qd3 Qc7 {allows Black to equalized after for example} 13. Nh3 a5
14. a4 Qc6 15. Nf4 Bxc5 16. Bxc5 Nxc5 17. Nxc5 Qxc5 18. Nxd5 Nxd5 19. Qxd5 Qxf2
$11 {1/2-1/2 Reinaldo Castineira,R-Pelletier,Y /Linares op 2001/ (22) but
after text Black can easy seize initiative on the queenside.}) 11... a5 $1 12.
Nf3 a4 13. Nbd4 Bxc5 (13... a3 14. b4 $140 b6) 14. h3 (14. Bf5 Nc6 15. Bxd7
Qxd7 16. a3 Na5 17. Qb5 Qc8 18. Qd3 Nc4 $36 {0-1 Sareen,V-Dolmatov,S/Calcutta
op 1996 (22)}) 14... a3 15. b3 Qa5 {[%csl Rc1,Rc3] Unfortunately for White,
the residence of her monarch isn't safe, which White proves energetically} 16.
Qe1 $146 {The text move is artificial and throws White into serious trouble.
However, he has some problems anyway} (16. c4 dxc4 17. Bxc4 Nc6 $36) (16. Qd2
Bb4) 16... Bb4 17. Qf1 Na6 {[%cal Gb4c3,Ga6b4]} (17... Bc3 $5) 18. Bb5 (18.
Bxa6 Rxa6 19. Qd3 Ne4) 18... Qc7 $1 {[%cal Rc7c3]} 19. c4 (19. Rd3 Nc5) 19...
dxc4 20. Qxc4 Rec8 $1 {It seems that White's position can no longer be saved -
there are too many black' pieces pointed at the his king} 21. Kb1 (21. Bxa6 Qa5
22. Bxb7 Rxc4+ 23. bxc4 Rb8 $19) 21... Ne4 $1 22. Bxa6 (22. Qxc7 Rxc7 23. Rc1
Nc3+ 24. Rxc3 Bxc3 $19) 22... Nc3+ 23. Kc2 (23. Ka1 Nxd1 24. Qxc7 Rxc7 25. Bf4
Bd6 $1) 23... Qa5 $1 $19 {It's funny, how easy Black got winning position.} 24.
Ng5 (24. Qxc8+ Rxc8 25. Bc4 b5) 24... Rxc4 (24... Nxa2 $5 25. Bxb7 Rxc4+ 26.
bxc4 Rb8 $19) 25. Bxc4 Nxd1 26. Rxd1 Rc8 27. Kd3 Bf5+ (27... Be8 $5 {[%cal
Gb7b5]}) 28. Ke2 Bg6 29. g4 h6 {Rest is simple.} 30. Ngf3 Bc3 31. Nb5 Rxc4 $1 {
Eliminating last white active piece.} 32. bxc4 Qb4 33. Rd8+ Kh7 34. Nd6 Qb1 35.
Nh4 Qd3+ 36. Kf3 Be4+ 0-1

[Event "Moscow Aeroflot op"]
[Site "Moscow"]
[Date "2002.02.09"]
[Round "7"]
[White "Timofeev, Andrei"]
[Black "Dolmatov, Sergey"]
[Result "1/2-1/2"]
[WhiteElo "2320"]
[BlackElo "2588"]
[Annotator "Psakhis,L"]
[PlyCount "52"]
[EventDate "2002.02.04"]
[EventType "swiss"]
[EventRounds "9"]
[EventCountry "RUS"]
[SourceTitle "CBM 088"]
[Source "ChessBase"]
[SourceDate "2002.03.21"]
[SourceVersion "1"]
[SourceVersionDate "2002.03.21"]
[SourceQuality "1"]

1. e4 e6 2. d4 d5 3. Nd2 c5 4. Ngf3 cxd4 5. exd5 exd5 {Rare move} (5... Qxd5 $5
{leads to well known complicated lines}) 6. Be2 ({Worth considering} 6. Nxd4
Nc6 7. Bb5 {for example} Bd7 8. N2f3 Nf6 9. O-O Be7 10. Re1 O-O 11. Bg5 $5 h6
12. Bh4 $14 {Bauer-Vaisser/ FRA-ch 2000 with small, but stable advantage, but
I am sure that Dolmatov had something in mind and in this line}) 6... Nf6 7.
O-O Nc6 (7... Bc5 8. Nb3 Bb6 9. Bb5+ $1) 8. Nb3 Be7 9. Nbxd4 O-O {Black
managed to develop pieces without any trouble, but I don't like position of
his bishop on e7.} 10. c3 Re8 (10... Bg4 11. h3 Nxd4 12. Nxd4 Bxe2 13. Qxe2 Re8
14. Be3 Qd7 15. Rad1 Rac8 16. Qb5 $14 {Dvoirys,S-Kovalev,A/Bela Crkva op 1990/
0-1 (58)}) (10... Ne4 11. Bf4 Bg4 12. h3 Nxd4 13. Nxd4 Bxe2 14. Qxe2 Bc5 15.
Rad1 Qf6 16. Qf3 Rad8 17. Bc7 Rc8 18. Qxf6 Nxf6 19. Be5 Ne4 20. Nf5 $14 {
1-0 Egorov,E-Khmelnitski,A/Voronezh op 2001/Week in Chess 347 (27)}) 11. Bg5
$146 (11. h3 Ne4 12. Be3 a6 13. Re1 Bd6 14. Bd3 Bd7 15. c4 dxc4 16. Bxc4 Qf6
17. Bd5 Rac8 $11 {Sebastian,D-Marquardt,A/JBLN West 9798 1998/EXT 2001/1/2-1/2
(68)}) 11... h6 12. Bh4 g5 $5 {Typical plan. Black is ready to weaken pawn
structure on the K side, but in return he will get chance to put pieces on
active position.} 13. Bg3 Ne4 14. Qa4 ({I have feeling that} 14. Bb5 $142 $5 {
can produced more troubles for Black, for example} Qb6 (14... Bd7 15. Bxc6 bxc6
16. Ne5) 15. Ne5 Nxg3 16. hxg3 $36 (16. fxg3 Bc5 $1)) 14... Bd7 15. Bb5 ({
Black has nothing to worry about in the case of} 15. Nxc6 bxc6 $5 16. Ne5 Bd6
17. Nxd7 Qxd7 18. Bxd6 Qxd6 $13) 15... Nc5 (15... Qb6 $5) 16. Qc2 Bf6 17. Rad1
Qb6 18. a4 a6 (18... Ne4 $5 {was better option}) 19. a5 $1 Qd8 {Pawn was
poisoned -} (19... Nxa5 $2 20. Bxd7 Nxd7 21. Nf5 Bg7 22. Nxg7 Kxg7 23. Rxd5 $16
) (19... Qxa5 $2 20. Bxc6 bxc6 21. b4 $18) 20. Bxc6 bxc6 21. Nd2 {[%cal Gb2b4]}
Ne4 22. Nxe4 Rxe4 23. f3 Re8 {[%cal Gc6c5]} 24. b4 Bxd4+ $5 25. Rxd4 ({
Possibly, that after} 25. cxd4 $5 Qf6 26. Be5 Qg6 $14 {White could try to use
better bishop.}) 25... Qf6 26. f4 $6 Bf5 $1 (26... Bf5 $1 27. Qd2 g4 $11) (
26... g4 $2 27. f5 $1 $16) 1/2-1/2

[Event "Enghien les Bains 4th"]
[Site "Enghien les Bains"]
[Date "2001.04.14"]
[Round "4"]
[White "Akopian, Vladimir Eduardovic"]
[Black "Bauer, Christian"]
[Result "1-0"]
[WhiteElo "2654"]
[BlackElo "2612"]
[Annotator "Psakhis,L"]
[PlyCount "81"]
[EventDate "2001.04.11"]
[EventType "tourn"]
[EventRounds "9"]
[EventCountry "FRA"]
[EventCategory "17"]
[SourceTitle "CBM 083"]
[Source "ChessBase"]
[SourceDate "2001.07.05"]
[SourceVersion "1"]
[SourceVersionDate "2001.07.05"]
[SourceQuality "1"]

1. e4 {Hecht} e6 2. d4 d5 3. Nd2 c5 4. exd5 exd5 5. Ngf3 Nf6 6. Bb5+ Bd7 7.
Qe2+ Be7 8. dxc5 O-O 9. Nb3 Re8 10. Be3 a6 11. Bd3 Ba4 12. Nfd4 Bxb3 13. Nxb3
Nbd7 14. O-O-O Nxc5 {Popular line in modern parctice, and , as usual, black
managed to equalize chances.} 15. Qf3 Nxb3+ 16. axb3 Qa5 (16... Bd6 $5 17. Bg5
Be5 18. Kb1 h6 19. Bxf6 {1/2-1/2 Ljubojevic,L-Kortchnoi,V/Buenos Aires 1979 
(19)}) 17. Kb1 Bc5 18. Bxc5 ({Black's tasks even easy after} 18. Bg5 Ne4 $1 {
for example} 19. Bxe4 dxe4 20. Qf5 g6 21. Qd5 Qb5 22. Bh4 Re6 23. c3 Qb6 24.
Rhf1 Rae8 25. b4 Bf8 {1/2-1/2 Rublevsky,S-Psakhis,L/Istanbul olm 2000/ (25)})
18... Qxc5 19. Qf4 $146 {This is a new try, but I think, that Black has
nothing to fear here} (19. Rhe1 Qb4 20. Rxe8+ Rxe8 21. h3 a5 22. g4 h6 23. Bf5
a4 24. Qc3 Qxc3 25. bxc3 axb3 26. cxb3 Re2 $11 {1/2-1/2 Arzumanian,G-Lastin,A/
RUS-Cup Tula 2001/ (41)}) 19... Ne4 $6 ({Worth consideration} 19... a5 $142 20.
Rhe1 b5 $11 {[%cal Gb5b4] with complicated and double-eged game.}) 20. Rhe1 $1
Rac8 (20... Nxf2 21. Rxe8+ Rxe8 22. Rf1 $18) 21. Re2 $36 g6 22. Rde1 Qd6 ({
I would prefer} 22... Kg7 $5 {[%cal Ge4f6] preparing Nf6}) 23. Qxd6 Nxd6 {
[%mdl 4096]} 24. Ka2 {[%cal Ga2a3,Ga3b4]} Kf8 25. Ka3 Rxe2 ({After} 25... Ne4
$5 {just} 26. Rd1 $1 $14 {secure small advantage for White.} (26. Kb4 $2 Nxf2
$1)) 26. Rxe2 {Hecht: '[#] Anhaltender weißer Vorteil wegen der Bauernschwäche
d5. Klarer schwarzer Fehler Zug 30. '} Ne4 27. b4 $5 {[%cal Ga3a4]} b5 28. Kb3
Nf6 {Unaccuracy.} (28... Re8 $142 $1 {leads to equal ending.}) 29. Re5 Re8 30.
f4 $5 {'?!' Hecht.} (30. Rxe8+ Kxe8 31. Kc3 Ke7 32. Kd4 Kd6 $11) 30... Rc8 {
'?' Hecht.} ({In the case of} 30... Rxe5 31. fxe5 Nd7 32. Kc3 Ke7 (32... Nxe5
33. Kd4) 33. Kd4 Ke6 34. Be2 Nxe5 35. Kc5 $36 {[%csl Gc5] active position of
white king more than compensate pawn.} Nc4 36. Bf3 (36. Bxc4 {Hecht} dxc4 37.
Kb6 Kd5 38. Kxa6 Kc6 $19 {[%cal Rf7f5]}) 36... Ne3 37. c3 f5 38. Kb6 g5 39. g3
Nf1 40. Kxa6 Nxh2 41. Be2 f4 42. gxf4 gxf4 43. Kxb5 f3 44. Bd3 f2 45. Kc6 f1=Q
46. Bxf1 Nxf1 47. b5 Nd2 48. b6 Nc4 49. b4 Ne5+ 50. Kc7 h5 51. b7 Nd7 52. b8=Q
Nxb8 53. Kxb8 h4 $19) 31. Be2 h5 32. g3 Rc6 33. Bf3 Rd6 34. Kc3 $16 {[%csl Gc3,
Rd5] White's advantage became obvious} Rc6+ 35. Kd3 Rc4 36. c3 d4 $8 (36... Rc6
{Hecht} 37. h3 $1 $16 {[%csl Rd5][%cal Gb2b3,Gg3g4,Gd3d4]}) 37. Bb7 $1 dxc3 38.
bxc3 Ng4 (38... Nd7 39. Rd5 Nf6 40. Rd4 $18) 39. Re2 Nf6 40. Bxa6 Nd5 41. Bxb5
{The technical part of the game was greatly conducted by Vladimir Akopian.} (
41. Bxb5 Rxc3+ 42. Kd4 $18) 1-0

[Event "Linares Anibal op 08th"]
[Site "Linares"]
[Date "2001.01.14"]
[Round "7"]
[White "Psakhis, Lev"]
[Black "Del Rio de Angelis, Salvador Gabriel"]
[Result "1/2-1/2"]
[WhiteElo "2598"]
[BlackElo "2475"]
[Annotator "Psakhis,L"]
[PlyCount "57"]
[EventDate "2001.01.08"]
[EventType "swiss"]
[EventRounds "11"]
[EventCountry "ESP"]
[SourceTitle "CBM 081"]
[Source "ChessBase"]
[SourceDate "2001.03.20"]
[SourceVersion "1"]
[SourceVersionDate "2001.03.20"]
[SourceQuality "1"]

1. e4 e6 2. d4 d5 3. Nd2 c5 4. Ngf3 Nf6 5. exd5 exd5 6. Bb5+ Bd7 7. Bxd7+ Nbxd7
8. O-O Be7 9. dxc5 Nxc5 10. Nd4 Qd7 11. N2b3 Na4 $6 {I was very surprised when
my opponent made this move - I never even suspect about this possibility.} ({
After the "normal"} 11... Nce4 $1 12. Qf3 O-O 13. Nf5 Bd8 $13 {black's
position is a difficult nut to crack.}) 12. Qf3 O-O 13. Nf5 Bd8 14. Bh6 $1 {
To be honest in this moment I hoped that the game will be not too long.} g6 $8
(14... Ne8 $2 15. Qg4 Bf6 16. Bxg7 {[%cal Rf5h6]}) 15. Bxf8 Kxf8 16. Ne3 ({
Also possible is} 16. Nfd4 $5 {but I was afraid that after the almost forced
moves} Nxb2 17. Nc5 Qe7 $1 (17... Qc8 18. Qa3 $1) 18. Qxf6 Qxf6 19. Nd7+ Kg7
20. Nxf6 Bxf6 $14 {it will be difficult to win this endgame}) 16... Nxb2 17.
Qf4 $6 $146 {Funny, but just this move is a novelty and not the best one.} ({
In the case of} 17. Rab1 Na4 18. Rbd1 $5 ({Also not bad is} 18. c4 dxc4 (18...
Nc3 $5) 19. Nxc4 Qd5 20. Qf4 Nc3 21. Rb2 Nfe4 22. Ne3 Qb5 23. Qf3 Bf6 24. Rc2
Re8 25. h3 Nxa2 {1-0 Serper,G-Kovalev,A/Krumbach 1991/ (38)}) 18... Nc3 19.
Nxd5 Nxd1 20. Nxf6 Bxf6 21. Qxf6 Kg8 22. Nc5 Qc7 $1 23. Ne4 (23. Ne6 Qc3 $1)
23... Rd8 (23... Qxc2 $2 24. Qd4 {[%csl Rd1][%cal Re4f6]}) 24. Re1 $36 {
[%csl Rd1,Rg8] White's advantage is quite obvious.} (24. Qa1 Qxc2 25. Nf6+ Kf8
26. Nxh7+ Kg8 27. Nf6+ Kf8 28. Qe5 $40)) 17... Rc8 $1 18. Qb4+ ({After} 18. Qd4
Nc4 19. Rad1 (19. Nxc4 dxc4 $5) 19... Nxe3 20. fxe3 {Black have a strong reply
-} Rxc2 $1 21. Rxf6 $140 Bxf6 22. Qxf6 Rxg2+ 23. Kxg2 Qg4+) 18... Kg8 19. Nc5
Qe7 20. Qxb2 (20. Nd3 Qxb4 21. Nxb4 d4 22. Ned5 Nxd5 23. Nxd5 Rxc2 24. Rfc1
Rxc1+ 25. Rxc1 Ba5 $13) 20... Rxc5 21. Rad1 Bb6 {It' became clear that Black
got some compensation for the exchange, but White's chances are still better.}
22. Rfe1 Ne4 $8 23. Ng4 $6 $138 {Missing the chances for victory, much
stronger was to play} (23. c4 $1 {with the possible continuation} dxc4 (23...
Qh4 24. cxd5 Ba5 25. Rf1 $16) 24. Nd5 Rxd5 25. Rxd5 f5 26. Re2 $16) 23... Qg5
24. Rxe4 {Leads to a forced draw; but after} (24. h3 h5 (24... f5 25. Qe5 $1
fxg4 26. Qe8+ Kg7 27. Rxe4) (24... Ba5 25. Rxe4 (25. f4 Qxf4 26. Rxe4 dxe4 27.
Nf6+ Kf8 28. Nxh7+ Kg8 29. Nf6+ Kf8 30. Nd7+ Kg8 31. Nxc5 Qe3+) 25... dxe4 26.
Nf6+ Kh8 27. Rd5 $1 Rxd5 28. Nxd5+ f6 $8 (28... Kg8 29. Nf6+ $18) 29. Nxf6 Bc3
$140 $5 30. Qxc3 Qc1+ 31. Kh2 Qf4+ 32. Qg3 Qxf6 33. Qb8+ Kg7 34. Qxb7+ $18) 25.
Rxe4 dxe4 26. Nf6+ Kh8 (26... Kg7 27. Nxh5+) 27. Nd7+ (27. Rd7 Rxc2 $1 28. Qxc2
Qxf6 $44) 27... Kg8 28. Nxc5 Qxc5 {[%cal Ge4e3] Black is doing well.}) 24...
dxe4 25. Nf6+ Kh8 (25... Kg7 26. Nd7+ (26. Ne8+ Kf8 27. Qh8+ Ke7 28. Nd6 Rd5 $1
)) 26. Nd7+ Kg8 27. Nf6+ (27. Nxc5 Qxc5 28. c3 e3 $44) 27... Kh8 28. Nd7+ Kg8
29. Nf6+ 1/2-1/2

[Event "Lasker Memorial op"]
[Site "Barlinek"]
[Date "2001.07.23"]
[Round "7"]
[White "Babaev, Rashad"]
[Black "Schmidt, Wlodzimierz"]
[Result "0-1"]
[WhiteElo "2361"]
[BlackElo "2438"]
[Annotator "Psakhis,L"]
[PlyCount "50"]
[EventDate "2001.07.19"]
[EventType "swiss"]
[EventRounds "10"]
[EventCountry "POL"]
[SourceTitle "CBM 085"]
[Source "ChessBase"]
[SourceDate "2001.11.13"]
[SourceVersion "1"]
[SourceVersionDate "2001.11.13"]
[SourceQuality "1"]

1. e4 e6 2. d4 d5 3. Nd2 c5 4. exd5 exd5 5. Bb5+ Bd7 6. Qe2+ ({Worth
considering simple} 6. Bxd7+ Nxd7 7. Qe2+ {with chances for small, but stable
advantage.}) 6... Be7 7. dxc5 Nf6 8. Nb3 O-O 9. Be3 Re8 10. O-O-O {Very risky
move!} ({After} 10. Nf3 $142 a6 11. Bd3 Ba4 12. Nfd4 {Black still needs to
fight hart for equalization, for example:} Bxb3 13. Nxb3 Nbd7 14. O-O-O Nxc5
15. Qf3 Nxb3+ 16. axb3 Qa5 17. Kb1 Bc5 18. Bxc5 Qxc5 19. Qf4 $5 Ne4 20. Rhe1
Rac8 21. Re2 g6 22. Rde1 Qd6 23. Qxd6 Nxd6 24. Ka2 $5 $14 {[%cal Ga2a3,Ga3b4]
1-0 Akopian,V-Bauer,C/Enghien les Bains 2001/CBM 83 (41)}) 10... a5 $1 {
[%cal Ga5a4] Natural and strong reaction.} 11. a4 Na6 {[%cal Ga6c7,Ga6c5]} 12.
Bxd7 ({Black got initiative after} 12. Nf3 Nxc5 13. Nxc5 Bxc5 14. Nd4 Ng4 $1
15. Qf3 Nxe3 16. fxe3 Bxb5 17. Nxb5 Bxe3+ 18. Kb1 d4 $17 {0-1 Jicman,
L-Brustman,A/Ostrava ztW 1999 (37)}) 12... Qxd7 13. Qb5 Qxb5 14. axb5 Nc7 {
Position of white's king is not safe enough even after queen's exchange.} 15.
b6 ({Maybe just} 15. c6 $142 $5 {could be good enough for equality -} bxc6 16.
bxc6 a4 17. Nd4 a3 18. b3 Ne4 $132 {1/2-1/2 Holmsten,A-Psakhis,L/Linares op
2001/The Week in Chess 324 (21)}) 15... Ne6 16. Kb1 $146 ({White will suffer
and after} 16. Nf3 a4 17. Nbd4 Bxc5 $5 (17... Nxc5 18. Nb5 Ne6 19. Nfd4 a3 20.
Kb1 Ne4 $13 {1/2-1/2 Babaev,R-Vunder,A/St. Petersburg WN op 2000/The Week in
Chess 295 (35)}) 18. Nb5 (18. Nxe6 Bxe3+ 19. fxe3 Rxe6 $17) 18... Bxe3+ 19.
fxe3 Ra6 {[%csl Rb6] but text is hardly possible to call as an improvement.})
16... a4 17. Nd4 Ng4 $1 {[%mdl 4]} (17... Nxc5 18. Nb5 Ne6 19. Ne2 a3 $15) 18.
c6 (18. Nf5 $142 Bxc5 19. Bxc5 (19. Rxd5 Bxe3 20. fxe3 Nf2 $19) 19... Nxc5 20.
Nh3 a3 $36) 18... Nxe3 19. fxe3 Ra6 $1 {It's became clear after this strong
move that White's position is bad and he desperately needs good advice.} 20.
Nf5 (20. cxb7 Rxb6 21. Ngf3 Rxb7 {[%cal Gb7b1]}) 20... bxc6 $17 21. e4 Bf6 22.
exd5 cxd5 23. Nf3 {Finishing development, but it is already too late.} (23.
Rxd5 a3 $1 $40) 23... Rxb6 24. N5d4 Reb8 $19 {[%csl Rb1]} 25. b3 Nc5 0-1

[Event "WchT 6th"]
[Site "Beersheba"]
[Date "2005.11.03"]
[Round "3.3"]
[White "Wang, Yu A"]
[Black "Roiz, Michael"]
[Result "1/2-1/2"]
[WhiteElo "2396"]
[BlackElo "2600"]
[Annotator "Roiz,M"]
[PlyCount "36"]
[EventDate "2005.11.01"]
[EventType "team-tourn"]
[EventRounds "9"]
[EventCountry "ISR"]
[SourceTitle "CBM 110"]
[Source "ChessBase"]
[SourceDate "2006.01.31"]
[SourceVersion "1"]
[SourceVersionDate "2006.01.31"]
[SourceQuality "1"]
[WhiteTeam "China (W)"]
[BlackTeam "Israel"]
[WhiteTeamCountry "CHN"]
[BlackTeamCountry "ISR"]

1. e4 e6 2. d4 d5 3. Nd2 a6 4. c3 $6 {A pointless move which allows black to
equalize the game without any problems.} ({The main line is:} 4. Ngf3 c5 5.
exd5 exd5 6. dxc5 Bxc5 7. Nb3) 4... c5 5. exd5 exd5 6. Ngf3 Nf6 ({There is
nothing wrong with} 6... Nc6) 7. Bd3 Nc6 ({Dubious is:} 7... c4 $6 8. Bc2 Qe7+
9. Ne5 $36 {and white gets a serious development advantage.}) 8. dxc5 ({
An equal position would arise after} 8. O-O cxd4 9. Nxd4 Nxd4 10. cxd4 Be7 $11)
8... Bxc5 9. O-O ({Nothing promises also} 9. Nb3 Bb6 (9... Qe7+ 10. Qe2 Qxe2+
11. Kxe2 Bd6 12. Re1 $14) 10. Qe2+ Be6 11. Ng5 Qe7 $11) 9... O-O 10. Nb3 Bb6 {
Black has an excellent development which compensates the weakness of the
isolated Pd5.} (10... Ba7 11. Bg5 Bg4 12. h3 Bh5 13. Bc2 Re8 14. Qd3 Bg6 15.
Qd2 Be4 $11 {1/2-1/2 Zozulia,A-Grabuzova,T/Minsk 2001/EXT 2003 (38)}) 11. Bg5 {
That pin is not dangerous for black, since white doesn't put pressure on Pd5.}
h6 {I have decided to avoid the pin immediately.} ({Possible would be also:} 
11... Bg4 12. Be2 Re8 13. h3 Bf5 $11) 12. Bh4 g5 13. Bg3 Ne4 14. Nfd4 f5 $6
$146 {This move is too optimistic! Black weakens his king-side pawn structure
and allows white to exchange several minor pieces.} ({Two other possibilities
were much better:} 14... Nxg3 15. hxg3 Qf6 16. Qf3 Qxf3 17. Nxf3 Kg7 18. Rfe1
Kf6 $11 {1/2-1/2 Perdomo,C-Bauer,C/Cannes 1996/CBM 051 ext (54)}) (14... Qf6
15. Bxe4 dxe4 16. Nxc6 Qxc6 17. Nd4 Qf6 18. Re1 Re8 19. Qh5 Bd7 20. Rad1 Rad8
21. h4 Kg7 $11 {1/2-1/2 Bogachev,A-Drozdovskij,Y/Odessa 2000/EXT 2001 (30)})
15. Nxc6 bxc6 16. Be5 $1 {I have completely overlooked this move - there is no
way to trap the bishop.} ({Ofcourse,not} 16. Qh5 $2 Qe8 17. Qxe8 Rxe8 $17)
16... Kh7 ({I failed to find an equalizing way. For example:} 16... Qe7 17. Bd4
Bc7 (17... c5 18. Bxe4 dxe4 19. Bxc5 Bxc5 20. Qd5+ Be6 21. Qxc5 $16) 18. g3 $36
{[%cal Gf2f3]} (18. Re1 $5 $36)) ({or} 16... Re8 17. Bd4 c5 18. Bxe4 cxd4 19.
Bc2 $14) 17. Bd4 c5 18. Bxe4 cxd4 {Here a draw was agreed.} ({At the same time,
after} 18... cxd4 19. Bc2 dxc3 20. bxc3 $14 {[%csl Rd5,Rh7] white has a
free-risk advantage due to the weakness of Kh7.}) 1/2-1/2